01352nam a2200337 a 4500001001200000003000800012006001900020007001500039008004100054010001700095020002600112020002700138040002100165035002100186050002500207082001400232100003000246245012600276260003600402300001600438504005100454505010500505533015200610650002500762650002100787650001700808655002900825710001700854856012600871999001700997ebr10617919CaPaEBRm u cr cn|||||||||120820s2013 nju sb 001 0 eng d z 2012030901 z9781118494561 (cloth) z9781118509340 (e-book) aCaPaEBRcCaPaEBR a(OCoLC)80810898214aHG4529b.S387 2013eb04a332.62231 aSchwager, Jack D.,d1948-10aMarket sense and nonsenseh[electronic resource] :bhow the markets really work (and how they don't) /cJack D. Schwager. aHoboken, N.J. :bWiley,cc2013. axix, 343 p. aIncludes bibliographical references and index.0 apt. 1. Markets, return, and risk -- pt. 2. Hedge funds as an investment -- pt. 3. Portfolio matters. aElectronic reproduction.bPalo Alto, Calif. :cebrary,d2011.nAvailable via World Wide Web.nAccess may be limited to ebrary affiliated libraries. 0aInvestment analysis. 0aRisk management. 0aInvestments. 7aElectronic books.2local2 aebrary, Inc.40uhttp://site.ebrary.com/lib/rucke/Doc?id=10617919zAn electronic book accessible through the World Wide Web; click to view c54867d54867